|
|
|
|
| LEADER |
00000nab a2200000 ar4500 |
| 001 |
vtls008962924 |
| 003 |
SK-MaSNL |
| 005 |
20260303070736.0 |
| 008 |
070410c2006 xo |||||||||||000 b|slo |
| 015 |
|
|
|a SNBRB2007/04
|2 snkbucl
|
| 038 |
|
|
|a SNKBUCL
|
| 040 |
|
|
|a SNKBUCL
|b slo
|c SNKBUCL
|e AACR2
|
| 041 |
0 |
|
|a slo
|
| 044 |
|
|
|a xo
|c SK
|
| 080 |
|
|
|a 54:371.384
|x (437.6)
|2 1997
|
| 080 |
|
|
|a 371.384:54
|x (437.6)
|2 1997
|
| 100 |
1 |
|
|a Hlinická, I.
|4 aut
|9 302101
|
| 245 |
1 |
0 |
|a 42. ročník chemickej olympiády (ChO) na Slovensku
|c I. Hlinická, M. Sališová
|
| 246 |
3 |
|
|a Štyridsiatydruhý ročník chemickej olympiády (ChO) na Slovensku
|
| 300 |
|
|
|b Tab.
|
| 500 |
|
|
|a Pokračovanie v nasledujúcom čísle
|
| 611 |
2 |
7 |
|a Chemická olympiáda
|n (42. :
|d 2005/2006 :
|c Slovensko)
|2 snkbucl
|9 1068573
|
| 650 |
0 |
7 |
|a chémia
|2 snkbucl
|9 749
|
| 650 |
0 |
7 |
|a chemická olympiáda
|2 snkbucl
|9 71476
|
| 700 |
1 |
|
|a Sališová, Marta,
|d 1945-2016
|4 aut
|9 121253
|
| 773 |
0 |
|
|t ChemZi
|g Roč. 2, č. 1 (2006), s. 34-35
|x 1336-7242
|
| 852 |
|
|
|a SNK
|b KIS3GCP
|
| 958 |
|
|
|a SK
|
| 999 |
|
|
|c 1756731
|d 1758661
|